Cuentos góticos
Uloženo v:
| Hlavní autor: | |
|---|---|
| Médium: | Kniha |
| Jazyk: | španělština |
| Vydáno: |
Barcelona
Alba
2007
|
| Vydání: | 1a. ed |
| Témata: | |
| Tagy: |
Přidat tag
Žádné tagy, Buďte první, kdo vytvoří štítek k tomuto záznamu!
|
MARC
| LEADER | 00000cam a2200000 a 4500 | ||
|---|---|---|---|
| 001 | UCF1751 | ||
| 003 | CL-VaPUC | ||
| 008 | 120723e20070500SP |||||||||||||||||spa|d | ||
| 020 | |a 9788484283485 | ||
| 082 | 0 | 4 | |a 823 |b GAS |2 21 |
| 100 | 0 | |a Gaskell, Elizabeth |e author |9 563250 | |
| 245 | 1 | 0 | |a Cuentos góticos |
| 250 | |a 1a. ed | ||
| 300 | |a 541 p | ||
| 942 | |c BK | ||
| 945 | |d 20120723 00:00:00 |a dcastane | ||
| 260 | |a Barcelona |b Alba |c 2007 | ||
| 650 | 0 | |a Literatura inglesa |9 312907 | |
| 650 | 0 | |a Novelas inglesas |9 265220 | |
| 583 | |a last modification |c 20140123 04:11:46 |k Rodrigo Vera | ||
| 999 | |c 348439 |d 348437 | ||
| 952 | |0 0 |1 0 |4 0 |6 823_000000000000000_GAS_2007 |7 0 |8 A |9 450446 |a BIBING |b BIBING |d 2019-11-22 |i 4883845 |o 823 GAS 2007 |p 4883845 |r 2025-01-20 |w 2019-11-22 |y BK |k CUI | ||